000 00556cam a22002174a 4500
005 20250605164300.0
008 250528s ||||||||||||||||||||||||d
035 _a22037
020 _a9789601625690
040 _aGR-AtMCL
_bgre
_dGR-AtMCL
_eAACR2
245 1 _aΕΙΣΑΓΩΓΗ ΣΤΗ ΜΕΛΕΤΗ ΤΗΣ ΓΛΩΣΣΑΣ
250 _a8
260 _bΠατάκης,
_c2015
300 _a834
700 1 _aFromkin Victoria
_97914
700 1 _aHyams Nina
_97915
700 1 _aRodman Robert
_97916
942 _cBK
999 _c7093
_d7093